| 000 | 00435nam a2200121Ia 4500 | ||
|---|---|---|---|
| 008 | 160609s9999 xx 000 0 und d | ||
| 100 | _aMorse, Donald E. | ||
| 245 | _aIrish Theatre In Transition: From The Late Nineteenth To The Early Twenty-first Century | ||
| 245 | _cBy:Donald E. Morse | ||
| 260 | _c2015 | ||
| 650 | _xINTRODUCTION TO THEATRE ARTS | ||
| 856 | _uhttp://file.ebook777.com/001/IriTheInTraFroTheLatNinToTheEarTweCen.pdf | ||
| 999 |
_c295632 _d295632 |
||